Emunat ʻitekha : ... ekh she-tsarikh ha-adam ... le-ḳadesh ha-ʻet : melukat i-sefer Liḳuṭe Moharan /

Saved in:
நூற்பட்டியல் விவரங்கள்
தலைமை எழுத்தாளர்: Naḥman, of Bratslav, 1772-1811.
மற்ற எழுத்தாளர்கள்: Sternharz, Nathan, 1780-1845.
வடிவம்: புத்தகம்
மொழி:Hebrew
வெளியீடப்பட்டது: Nyu York : Eliʻezer Shelomoh Braslaver, 725 [1964 or 1965]
பகுதிகள்:
குறியீடுகள்: குறிச்சொல் இணை
குறியீடுகள் இல்லை, இந்த குறிச்சொல்லை முதலில் பதிவு செய்யுங்கள்!
LEADER 00959nam a2200265ua 4500
001 007720320-8
005 20020606104010.5
008 980225s1964 nyu 000 0 heb d
035 0 |a ocm83156690 
035 1 |a MHAG98B156 
035 1 |z NJPG86B38313 
040 |a NjP  |c NjP  |d MH 
050 4 |a BM198  |b .N335 1964 
100 0 |a Naḥman,  |c of Bratslav,  |d 1772-1811. 
240 1 0 |a Emunat ʻitekha 
245 1 0 |a Emunat ʻitekha :  |b ... ekh she-tsarikh ha-adam ... le-ḳadesh ha-ʻet : melukat i-sefer Liḳuṭe Moharan /  |c me ... Nahman mi-Braslav ; umi-sifre ... Natan ... Darkhe ha-teshuvah / me-et ... R. Natan ... 
260 |a Nyu York :  |b Eliʻezer Shelomoh Braslaver,  |c 725 [1964 or 1965] 
300 |a 22 p., 3 leaves ;  |c 23 cm. 
650 0 |a Bratslav Hasidim. 
650 0 |a Hasidism. 
700 1 2 |a Sternharz, Nathan,  |d 1780-1845.  |t Darkhe teshuvah. 
740 0 2 |a Darkhe teshuvah. 
752 |a United States  |b New York  |d New York 
988 |a 20020608 
906 |0 RLIN